[Event "Liepajas Rokade"]
[Site "Liepaja"]
[Date "2015.08.08"]
[Round "2"]
[White "Azmaiparashvili, Zurab"]
[Black "Aleksandrov, Aleksej"]
[Result "1-0"]
[WhiteElo "2637"]
[BlackElo "2619"]
[PlyCount "105"]
[EventDate "2015.08.08"]
[EventType "tourn (rapid)"]
[EventRounds "7"]
[EventCountry "LAT"]
[EventCategory "15"]
[SourceTitle "CBM 167 Extra"]
[Source "ChessBase"]
[SourceDate "2015.09.14"]
[SourceVersion "1"]
[SourceVersionDate "2015.09.14"]
[SourceQuality "1"]

1. Nf3 Nf6 2. g3 b5 3. Bg2 Bb7 4. O-O e6 5. c3 c5 6. a4 b4 7. a5 Na6 8. d3 Be7 9. e4 O-O 10. e5 $146 ({RR} 10. Nbd2 bxc3 11. bxc3 Rb8 12. Qc2 Nc7 13. Re1 d6 14. h3 Ba8 15. Nc4 Nd7 16. Bf4 e5 17. Bd2 f5 18. exf5 Rxf5 19. Nh2 Bxg2 20. Kxg2 Qf8 21. Re2 Kh8 22. Qa4 Qc8 23. Ree1 d5 24. Ne3 Rf8 {Bezuch,M (2296)-Rojicek,V (2424) Slovakia 2013 0-1 (34)}) 10... Nd5 11. c4 Ndc7 12. Nbd2 d6 13. exd6 Bxd6 14. Ne4 Be7 15. Re1 Ne8 16. Ne5 Qc8 17. f4 Nd6 18. Nxd6 Bxd6 19. Bxb7 Qxb7 20. Qf3 Qc7 21. b3 f6 22. Ng4 Rae8 23. Bb2 Nb8 24. Re2 Qc6 25. Qf1 Nd7 26. Rae1 Bc7 27. Qh3 Kh8 28. Qg2 Nb8 29. Ne3 Bxa5 30. Qxc6 Nxc6 31. Nd5 Nd8 32. d4 Kg8 33. dxc5 Kf7 34. Ne3 Nc6 35. f5 g6 36. fxg6+ hxg6 37. Ng4 e5 38. Rd1 Rd8 39. Rf1 Ke6 40. Ref2 f5 41. Nxe5 Nxe5 42. Re2 Bc7 43. Rfe1 Kf7 44. Bxe5 Rd7 45. Bxc7 Rxc7 46. Re6 Rd8 47. Rd6 Re7 48. Rxe7+ Kxe7 49. Rxg6 Rd3 50. Rg7+ Kd8 51. Rxa7 Rxb3 52. Rb7 Kc8 53. Kg2 1-0

[Event "FRA-ch 90th"]
[Site "Saint Quentin"]
[Date "2015.08.16"]
[Round "7"]
[White "Bacrot, Etienne"]
[Black "Edouard, Romain"]
[Result "1-0"]
[WhiteElo "2694"]
[BlackElo "2634"]
[PlyCount "105"]
[EventDate "2015.08.09"]
[EventType "tourn"]
[EventRounds "11"]
[EventCountry "FRA"]
[EventCategory "14"]
[SourceTitle "CBM 168"]
[Source "ChessBase"]
[SourceDate "2015.09.14"]
[SourceVersion "1"]
[SourceVersionDate "2015.09.14"]
[SourceQuality "1"]

1. Nf3 {Besenthal,Klaus Guenter} d5 2. c4 d4 3. b4 f6 4. Na3 e5 5. Nc2 g5 $146 ({RR} 5... a5 6. b5 Bg4 7. d3 Nd7 8. g3 Bxf3 9. exf3 Bd6 10. Bg2 Nc5 11. O-O Ne7 12. f4 O-O 13. fxe5 fxe5 14. Ba3 Qc8 15. Bxc5 Bxc5 16. Qe2 Ng6 17. Qe4 c6 18. bxc6 bxc6 19. Qxc6 Qxc6 20. Bxc6 {Burmakin,V (2504)-Blasco Coll,A (2144) Montcada 2017 1-0 (33)}) ({RR} 5... c5 6. bxc5 Bxc5 7. d3 Nc6 8. g3 Nge7 9. Bg2 O-O 10. O-O Be6 11. Nd2 f5 12. Rb1 b6 13. Ba3 Bxa3 14. Nxa3 Rc8 15. Qa4 Qd7 16. Nb5 a5 17. Qa3 Nb4 18. Nf3 Ng6 19. Ng5 Kh8 20. Nxe6 {Aronian,L (2792)-Caruana,F (2804) Paris 2016 CBM 173 [Besenthal,Klaus Guenter] 1-0 (60)}) ({RR} 5... a5 6. b5 Bc5 7. d3 Ne7 8. g3 O-O 9. Bg2 Be6 10. Nd2 Ra7 11. Nb3 Nd7 12. Nxc5 Nxc5 13. Ba3 b6 14. O-O Bc8 15. Qd2 Qd6 16. f4 Bb7 17. fxe5 Qxe5 18. Bxb7 Rxb7 19. Rf4 Rd8 20. Bb2 {Ivanchuk,V (2619)-Frischmann,R (2344) chess.com INT 2025 1-0}) ({RR} 5... Bd7 6. b5 a6 7. e3 dxe3 8. Nxe3 Nh6 9. Qc2 Nf7 10. Rb1 Bc5 11. Bd3 g6 12. O-O c6 13. a4 Kf8 14. Bb2 Kg7 15. Be2 Bc8 16. Qc3 Qd6 17. d4 exd4 18. Nxd4 Bxd4 19. Qxd4 Qxd4 20. Bxd4 {Bauer,C (2644)-Edouard,R (2620) Switzerland 2016 ½-½ (52)}) ({RR} 5... a5 6. b5 c5 7. bxc6 Nxc6 8. d3 Bc5 9. g3 f5 10. Bg2 Nf6 11. O-O O-O 12. e3 dxe3 13. Bxe3 Bxe3 14. Nxe3 f4 15. Nd5 Bg4 16. Qb3 {½-½ (16) Keilhack,H (2250)-Schroeder,C (2169) Templin 2018}) 6. h3 Bg7 7. d3 Ne7 8. g3 h6 9. a4 f5 10. Ba3 O-O 11. b5 Be6 12. Bg2 Nd7 13. O-O Rf7 14. Rb1 Ng6 15. Nd2 Rb8 16. a5 Bf8 17. Qc1 f4 18. a6 bxa6 19. Bxf8 Qxf8 20. Nb4 axb5 21. Na6 Rc8 22. cxb5 Nf6 23. Qc6 Bd7 24. Qc5 g4 25. Qxf8+ Kxf8 26. h4 Bf5 27. Nc5 h5 28. Rfc1 Ne8 29. Bd5 Re7 30. Ra1 Nd6 31. Bc6 Rf7 32. Rxa7 Kg7 33. Nce4 Nxe4 34. Nxe4 Re7 35. Rc5 Kf8 36. Bb7 Rb8 37. Ba6 f3 38. exf3 gxf3 39. Raxc7 Bxe4 40. dxe4 d3 41. Rc8+ Rxc8 42. Rxc8+ Re8 43. Rc1 d2 44. Rd1 Rd8 45. b6 Ne7 46. b7 Nc6 47. Bc4 Rd4 48. Bd5 Nb8 49. Kh2 Kg7 50. g4 Kg6 51. gxh5+ Kxh5 52. Kg3 Rd3 53. Bc4 1-0

[Event "FRA-ch 90th"]
[Site "Saint Quentin"]
[Date "2015.08.17"]
[Round "8"]
[White "Edouard, Romain"]
[Black "Cornette, Matthieu"]
[Result "1-0"]
[WhiteElo "2634"]
[BlackElo "2586"]
[PlyCount "67"]
[EventDate "2015.08.09"]
[EventType "tourn"]
[EventRounds "11"]
[EventCountry "FRA"]
[EventCategory "14"]
[SourceTitle "CBM 168"]
[Source "ChessBase"]
[SourceDate "2015.09.14"]
[SourceVersion "1"]
[SourceVersionDate "2015.09.14"]
[SourceQuality "1"]

1. Nf3 Nf6 2. b3 g6 3. Bb2 Bg7 4. g3 d6 5. Bg2 e5 6. d3 O-O 7. O-O Nc6 8. e4 ({RR} 8. Nbd2 h6 9. c4 Be6 10. Qc2 a5 11. a3 Qd7 12. Rfd1 Nh7 13. e3 Ng5 14. Nxg5 hxg5 15. Ne4 g4 16. Ng5 Bf5 17. e4 Be6 18. Nxe6 Qxe6 19. Bc3 Nd4 20. Bxd4 exd4 {½-½ (20) Shengelia,D (2421)-Izoria,Z (2565) Kocaeli 2002}) 8... h6 9. c4 $146 ({RR} 9. Re1 Re8 10. Nbd2 Nh7 11. c3 Ng5 12. Nxg5 Qxg5 13. b4 Bg4 14. f3 Bd7 15. Nc4 Kh7 16. Qc2 Nd8 17. d4 Qe7 18. Rad1 Kh8 19. Ne3 Ne6 20. Nd5 Qd8 21. Rd2 h5 22. dxe5 dxe5 23. Red1 c6 {Izquierdo,D (2330)-Roselli,J (2085) Montevideo 1993 ½-½ (63)}) ({RR} 9. Re1 Nh7 10. d4 Ng5 11. Nxg5 Qxg5 12. dxe5 dxe5 13. Nc3 Bg4 14. Qc1 Nd4 15. Qxg5 hxg5 16. Rac1 c6 17. h3 Nf3+ 18. Bxf3 Bxf3 19. g4 f5 20. exf5 gxf5 21. gxf5 Rxf5 22. Ne4 g4 23. Ng3 Rf4 {Baradaran Tamadon,A (2308)-Javakhadze,Z (2412) chess.com INT 2025 1-0 (32)}) ({RR} 9. h3 Be6 10. Kh2 Qe7 11. a3 Rae8 12. Nc3 Nh7 13. Ne2 Ng5 14. Nh4 Kh7 15. Rb1 Bc8 16. Qe1 Qd7 17. Ng1 f5 18. exf5 gxf5 19. Qd2 f4 20. Ngf3 Nxh3 21. Rh1 fxg3+ 22. fxg3 Qg4 23. Rbf1 Rf7 {Mriso,M (1760)-Ulanowski,K (1960) Teplice 2012 0-1 (33)}) 9... Bg4 10. h3 Bxf3 11. Qxf3 Nd7 12. Na3 Nc5 13. Nc2 a5 14. Qd1 Nb4 15. Ne1 Ne6 16. a3 Nc6 17. Nc2 Qb8 18. Kh1 b5 19. Rb1 bxc4 20. bxc4 Qa7 21. Bc1 Rab8 22. Be3 Rxb1 23. Qxb1 Nc5 24. f4 Rb8 25. Qd1 Nd4 26. f5 Nxc2 27. Qxc2 Qb7 28. Qe2 Qb2 29. Qg4 h5 30. Qg5 Qe2 31. fxg6 f6 32. Rxf6 Nxd3 33. Bf1 Rb1 34. Qf5 1-0

[Event "Wch U20 54th"]
[Site "Khanty-Mansiysk"]
[Date "2015.09.08"]
[Round "7"]
[White "Rambaldi, Francesco"]
[Black "Gordievsky, Dmitry"]
[Result "1-0"]
[WhiteElo "2540"]
[BlackElo "2511"]
[PlyCount "103"]
[EventDate "2015.09.02"]
[EventType "swiss"]
[EventRounds "13"]
[EventCountry "RUS"]
[SourceTitle "EXT 2016"]
[Source "ChessBase"]
[SourceDate "2015.10.08"]
[SourceVersion "1"]
[SourceVersionDate "2015.10.08"]
[SourceQuality "1"]

1. Nf3 Nf6 2. g3 d5 3. Bg2 c6 4. O-O Bg4 5. d3 Nbd7 6. Qe1 e5 7. e4 dxe4 8. dxe4 Be7 9. Nbd2 O-O 10. h3 Bh5 11. Nh4 Re8 12. Nf5 ({RR} 12. Nc4 Bf8 13. Bg5 Qc7 14. a4 a5 15. Kh2 Re6 16. Bd2 b6 17. Ne3 Nc5 18. f3 Rd8 19. Bc3 Ree8 20. Rf2 Ne6 21. Rd1 Bc5 22. Rxd8 Rxd8 23. Rd2 Bd4 24. Nef5 Bg6 25. Rd1 c5 26. Bf1 Bxf5 {Aronian,L (2825)-Tomashevsky,E (2738) Moscow 2012 ½-½ (42)}) 12... Bf8 13. Nc4 Qc7 14. Bd2 $146 ({RR} 14. Be3 Nc5 15. f3 Ne6 16. Qf2 b5 17. Nd2 Nd7 18. Rfd1 f6 19. Nf1 Nb6 20. b3 Red8 21. Nh2 c5 22. Bf1 Qc6 23. g4 Bf7 24. h4 h5 25. Ng3 hxg4 26. Nxg4 c4 27. h5 Nf4 28. Qh2 Bc5 {Moreno Mestre,J-Komljenovic,D (2460) Spain 1997 0-1 (36)}) ({RR} 14. Bg5 Re6 15. a4 Nb6 16. Qc3 Ne8 17. g4 Bg6 18. Rfd1 Nxc4 19. Qxc4 Nd6 20. Qb3 Rae8 21. Rd3 f6 22. Be3 b6 23. a5 c5 24. axb6 axb6 25. Nxd6 Bxd6 26. Qb5 Rd8 27. Rb3 Be7 28. Bf1 Red6 {Gloor,R (2361)-Schaerer,J (2274) Switzerland 2014 1-0 (73)}) 14... b5 15. Na5 Nb6 16. c4 Nxc4 17. Nxc4 bxc4 18. Ne3 Bc5 19. Nxc4 Bd4 20. Rc1 c5 21. b3 Qc6 22. Bc3 Bg6 23. Bxd4 exd4 24. f3 Rad8 25. Qf2 Nd7 26. Rfd1 f6 27. b4 Bf7 28. Bf1 Ne5 29. Nxe5 Rxe5 30. Rxd4 Rxd4 31. Qxd4 cxd4 32. Rxc6 Bxa2 33. Ra6 Bb1 34. Bc4+ Kf8 35. Rxa7 f5 36. b5 d3 37. b6 d2 38. Rd7 fxe4 39. Rxd2 Re8 40. Rb2 Bd3 41. Bxd3 exd3 42. b7 Rb8 43. Kf2 Ke7 44. Ke3 Kd6 45. Kxd3 Kc7 46. Kc4 Kc6 47. f4 Kd6 48. Rb6+ Kc7 49. Kc5 Kd7 50. Kb5 Kc7 51. Ka6 Rd8 52. Ka7 1-0

[Event "Moscow-ch blitz 69th"]
[Site "Moscow"]
[Date "2015.09.06"]
[Round "19"]
[White "Malakhov, Vladimir"]
[Black "Inarkiev, Ernesto"]
[Result "1-0"]
[WhiteElo "2694"]
[BlackElo "2660"]
[PlyCount "81"]
[EventDate "2015.09.06"]
[EventType "tourn (blitz)"]
[EventRounds "19"]
[EventCountry "RUS"]
[EventCategory "15"]
[SourceTitle "EXT 2016"]
[Source "ChessBase"]
[SourceDate "2015.10.08"]
[SourceVersion "1"]
[SourceVersionDate "2015.10.08"]
[SourceQuality "1"]

1. Nf3 {Krasenkow,Michal} d5 2. g3 g6 3. c4 dxc4 4. Qa4+ Nc6 5. Bg2 Bg7 6. Qxc4 e5 7. O-O Nge7 8. d3 O-O 9. Nc3 h6 ({RR} 9... Nd4 10. Nxd4 exd4 11. Ne4 Be6 12. Qc2 ({RR} 12. Qb5 b6 13. Bg5 f6 14. Bc1 a6 15. Qa4 c5 16. Nd2 Ra7 17. Nf3 Re8 18. Bd2 Nd5) 12... Bd5 ({RR} 12... b6) 13. Bg5 h6 14. Bf6 Bxe4 15. Bxe7 Qxe7 16. Bxe4) ({RR} 9... Be6 10. Qh4 f6 ({RR} 10... Nf5 11. Qxd8 Raxd8 ({RR} 11... Rfxd8 12. Ng5 Bd7 13. Nge4 Nfe7 14. Bg5 h6 15. Nf6+ Kh8 16. Nxd7 Rxd7 17. Bxe7) 12. Nb5 Rd7 13. Ng5 Nfd4 14. Nxd4 Nxd4 15. Nxe6 Nxe2+ 16. Kh1 fxe6 17. Bxb7) 11. Bd2 Kh8 12. Bh6 Qd7 13. Bxg7+ Kxg7 14. Qa4 Rfd8 15. b4 Nd5 16. Nxd5 Bxd5 17. b5 Ne7 18. Qb4 a5) 10. Bd2 ({RR} 10. Qh4 Nf5 ({RR} 10... g5 11. Bxg5 hxg5 12. Nxg5 Bf5 13. Be4) ({RR} 10... Nd4) 11. Qxd8 Rxd8 12. Nb5 Rb8 13. Bd2 a6 14. Nc3 Nfd4 15. Nxd4 Nxd4 16. f4 Bg4 17. Rf2 exf4 18. Bxf4 Rd7 19. h3) ({RR} 10. Be3 Be6 11. Qa4 Nd4 12. Rac1 c6 13. Rfe1 Nef5 14. Bd2 Nxf3+ 15. Bxf3 Nd4 16. Bg2 Qd7 17. Ne4 Qc7 18. Nc5 Bg4 19. f3 Bc8 20. Be3 a5 21. Bf2 b6 22. Nb3 c5 23. Nxd4 exd4 24. f4 Bb7 {Malakhov,V (2702)-Inarkiev,E (2664) St Petersburg 2015 ½-½ (73)}) 10... Be6 ({RR} 10... Nd4 11. Nxd4 exd4 12. Ne4 c6 ({RR} 12... Be6 13. Qc1) 13. Bb4 ({RR} 13. Qc1 Kh7 14. Bb4 Be6 ({RR} 14... Bg4 15. h3 Bxe2 16. Re1 Bxd3 17. Bxe7 Qxe7 18. Nc5) 15. Nc5 Bc8 16. Nb3 Re8) 13... Be6 14. Qc1 ({RR} 14. Qc5 Nd5) 14... Bd5 15. a4 ({RR} 15. Qc5 Nc8) 15... b6 ({RR} 15... a5 16. Ba3 b6) 16. Bxe7 Qxe7 17. a5 Rab8 18. Re1 Rfc8 19. axb6 axb6 20. Qf4 Rd8 21. h4 Kh7 22. Nd2 Be5 23. Qg4 h5 24. Qh3 Be6 25. Qh1 {Carlsen,M (2870)-Anand,V (2775) Chennai 2013 CBM 158 [Krasenkow,Michal] ½-½ (51)}) ({RR} 10... Nf5 11. Rac1 ({RR} 11. Na4 Ncd4 12. Nxd4 Nxd4 13. Rfe1 c6 14. e3 b5 15. Qc1 bxa4 16. exd4 Qxd4 17. Re4 Qxd3 18. Bxh6) 11... Re8 12. Ne4 Ncd4 13. Nxd4 Nxd4 14. Rfe1 c6 15. e3 Ne6 16. Bb4 Bf8 17. Bc3 Bg7 18. f4) 11. Qa4 Nf5 ({RR} 11... Nd4 12. Rfc1 a5 ({RR} 12... c6 13. Ne1 Nd5 14. Kf1 Nb6 15. Qd1 a5 16. e3 Nf5 17. Ne4 Nd7 18. b4 axb4 19. Bxb4 Re8 20. a4 Bd5) 13. Qd1 Re8 14. Ne1 c6 15. e3 Ndf5 16. a3 Nd6 17. Na4 f5 18. b4 axb4 19. axb4 Bd5) ({RR} 11... f5 12. Rac1 Nd4 13. Qa3 c6 14. Nxd4 exd4 15. Na4 Bd5 16. Bb4 Bxg2 17. Kxg2 Re8 18. Bxe7) ({RR} 11... f5 12. Rfd1 Nd4 13. Ne1 Nd5 14. e3 Nb6 15. Qa3 Nc6 16. b4 a6 17. Rac1 Qd7 18. Na4 Nxa4 19. Qxa4 Qf7 20. Bxc6 bxc6 21. Qxc6 Bd7 22. Qc4 Ba4 23. Qxf7+ Rxf7 24. Nc2 Rf6 25. d4 Rc6 26. Na3 {Tahbaz,A (2425)-Shahil,D (2363) Bhubaneswar IND 2024 0-1 (43)}) 12. Rfc1 $146 ({RR} 12. Rac1 Re8 13. Ne4 Ncd4 14. Nxd4 Nxd4 15. Rfe1 Bg4 16. Kf1 Bd7 17. Qd1 Bc6 18. Bc3 f5 19. Nd2 Bxg2+ 20. Kxg2 Kh7 21. Bxd4 Qd5+ 22. e4 Qxd4 23. Rxc7 Qxd3 24. Re3 Qd6 25. Qc2 Rad8 26. exf5 Qxd2 {Babazada,K (2431)-Gharibyan,M (2487) Chess.com INT 2022 1-0 (52)}) ({RR} 12. Rac1 Re8 13. Ne4 Ncd4 14. Nxd4 Nxd4 15. Rfe1 Bg4 16. Kf1 Bd7 17. Qd1 Bc6 18. Bc3 f5 19. Nd2 Bxg2+ 20. Kxg2 Kh7 21. Bxd4 Qd5+ 22. e4 Qxd4 23. Rxc7 Qxd3 24. Re3 Qd6 25. Qc2 Rad8 26. exf5 Qxd2 {Babazada,K (2431)-Gharibyan,M (2487) Chess.com INT 2022 1-0 (52)}) 12... Rb8 13. Kf1 a6 14. Ne4 Ncd4 15. Nxd4 Nxd4 16. Be3 Nf5 17. Nc5 Nxe3+ 18. fxe3 Bd5 19. Bxd5 Qxd5 20. Qe4 Rfd8 21. Qxd5 Rxd5 22. e4 Rdd8 23. b4 Bf8 24. a4 c6 25. Rab1 Bd6 26. Rc4 Re8 27. Nd7 Rbd8 28. Nf6+ Kf8 29. Nxe8 Kxe8 30. b5 cxb5 31. axb5 a5 32. b6 Bb4 33. Rc7 Rd7 34. Rbc1 Bd6 35. Rxd7 Kxd7 36. Rc4 h5 37. e3 f6 38. Ke2 g5 39. d4 g4 40. d5 Bb8 41. Ra4 1-0

[Event "FIDE World Cup"]
[Site "Baku"]
[Date "2015.09.11"]
[Round "1.1"]
[White "Mareco, Sandro"]
[Black "Ni, Hua"]
[Result "1-0"]
[WhiteElo "2599"]
[BlackElo "2704"]
[PlyCount "109"]
[EventDate "2015.09.11"]
[EventType "k.o."]
[EventRounds "7"]
[EventCountry "AZE"]
[SourceTitle "CBM 169"]
[Source "ChessBase"]
[SourceDate "2015.11.10"]
[SourceVersion "1"]
[SourceVersionDate "2015.11.10"]
[SourceQuality "1"]

1. Nf3 {Edouard,Romain} d5 2. c4 d4 3. b4 f6 4. e3 e5 5. c5 a5 6. Qa4+ Nc6 ({RR} 6... Bd7 7. b5 Bxc5 8. Bc4 Ne7 9. exd4 exd4 10. Bb2 Bg4 11. Nxd4 Qd6 12. Ne2 Nd7 13. Nbc3 Bf5 14. Qb3 Ne5 15. Na4 Bd3 16. Be6 Bb4 17. Nd4 c5 18. a3 cxd4 19. axb4 Bxb5 20. Nc5 b6 21. f4) 7. b5 Nb4 8. a3 Nd5 9. exd4 exd4 10. Qxd4 Qe7+ 11. Be2 Qxc5 12. O-O Qxd4 13. Nxd4 Bc5 14. Nb3 $146 ({RR} 14. Bb2 Nge7 15. Bc4 Bd7 16. Re1 Nb6 17. Bb3 O-O-O 18. Ne6 Bxe6 19. Bxe6+ Kb8 20. Bc3 Bd4 21. Ra2 Bxc3 22. dxc3 Ng6 23. Kf1 Nf4 24. g3 Nxe6 25. Rxe6 Rd5 26. a4 Rd1+ 27. Re1 Rxe1+ 28. Kxe1 Re8+ {Demuth,A (2515)-So,W (2778) Montpellier 2015 CBM 166 Extra [Edouard,Romain] 0-1 (40)}) 14... Bd6 15. Bf3 Nge7 16. Re1 Nf4 17. d4 Nd3 18. Rd1 Nxc1 19. Rxc1 Be6 20. Nc5 Bxc5 21. Rxc5 O-O-O 22. b6 c6 23. Nc3 Rxd4 24. Re1 Kd7 25. Rxa5 Bd5 26. Na4 Rc4 27. Be2 Rxa4 28. Rxa4 Kd6 29. Bd3 c5 30. Be4 Rc8 31. Rd1 Kc6 32. Bxd5+ Nxd5 33. Re4 Kd6 34. Rh4 c4 35. Rxh7 Rg8 36. Kf1 Kc5 37. Rh5 Rd8 38. Rc1 Rd6 39. Rh7 Rd7 40. h4 Nxb6 41. h5 f5 42. g3 Kb5 43. Rb1+ Kc5 44. h6 gxh6 45. Rxd7 Nxd7 46. Rxb7 Ne5 47. Ke2 Kd4 48. Rb5 h5 49. a4 f4 50. a5 f3+ 51. Kd2 Nd3 52. a6 Nxf2 53. a7 Ne4+ 54. Kc2 f2 55. Rf5 1-0

[Event "FIDE World Cup"]
[Site "Baku"]
[Date "2015.09.11"]
[Round "1.1"]
[White "Wen, Yang"]
[Black "Kovalenko, Igor"]
[Result "1-0"]
[WhiteElo "2620"]
[BlackElo "2699"]
[PlyCount "101"]
[EventDate "2015.09.11"]
[EventType "k.o."]
[EventRounds "7"]
[EventCountry "AZE"]
[SourceTitle "CBM 169"]
[Source "ChessBase"]
[SourceDate "2015.11.10"]
[SourceVersion "1"]
[SourceVersionDate "2015.11.10"]
[SourceQuality "1"]

1. Nf3 Nf6 2. g3 c5 3. Bg2 Nc6 4. O-O g6 5. c4 ({RR} 5. b3 Bg7 6. Bb2 d5 7. Ne5 Nxe5 8. Bxe5 d4 9. e3 O-O 10. exd4 cxd4 11. c4 dxc3 12. dxc3 Qa5 13. Qe1 Bf5 14. c4 Qa6 15. Qc1 Be4 16. Bxe4 Nxe4 17. Bxg7 Kxg7 18. Nc3 Nxc3 19. Qxc3+ Qf6 {Yu,Y (2737)-Andreikin,D (2743) Moscow 2016 ½-½ (39)}) ({RR} 5. b3 Bg7 6. Bb2 d5 7. d4 Ne4 8. e3 O-O 9. Nbd2 Bf5 10. Nxe4 Bxe4 11. c3 cxd4 12. cxd4 Qa5 13. a3 e6 14. Nd2 Bxg2 15. Kxg2 Rfc8 16. Qe2 Qb6 17. Rfc1 a5 18. a4 Bf8 19. Qb5 Qa6 {Glashausser,S (1973)-Filipovic,S (2191) chess.com INT 2024 0-1 (51)}) 5... d6 $146 ({RR} 5... d5 6. d4 dxc4 7. dxc5 Qxd1 8. Rxd1 Bg7 9. Na3 Ne4 10. Nxc4 Nxc5 11. Be3 Ne6 12. Rd2 O-O 13. Rad1 Ned8 14. Nd4 Bxd4 15. Bxd4 Be6 16. b3 Rc8 17. Be3 f6 18. Nb2 Nb4 19. Nd3 Nxd3 20. Rxd3 {Hernando Pertierra,J (2379)-Elissalt Cardenas,H (2334) Madrid 2014 ½-½ (45)}) ({RR} 5... d5 6. cxd5 Nxd5 7. d4 Nb6 8. dxc5 Qxd1 9. Rxd1 Na4 10. Nc3 Nxc3 11. bxc3 Bg7 12. Nd4 Bd7 13. Rb1 O-O-O 14. Bf4 e5 15. Nb5 exf4 16. Nd6+ Kb8 17. Rxb7+ {1-0 (17) Cisnero Alvarez,J-Aguiar Garcia,J Malaga 2004}) 6. d4 cxd4 7. Nxd4 Bd7 8. Nc3 Qc8 9. Nxc6 Bxc6 10. e4 Bg7 11. Qe2 O-O 12. Rd1 Re8 13. Be3 b6 14. Bd2 Nd7 15. Rac1 a5 16. h4 Nc5 17. h5 Qb7 18. hxg6 hxg6 19. f3 Rad8 20. Bg5 Be5 21. Qf2 a4 22. Nd5 Bg7 23. Rc2 Rb8 24. Rcd2 Qa7 25. Bf1 Rb7 26. Qe3 Bxd5 27. cxd5 b5 28. Kh1 f6 29. Bh6 g5 30. Bxg7 Kxg7 31. Rh2 Rbb8 32. Rdd2 Rh8 33. Bh3 b4 34. f4 b3 35. a3 Qa6 36. e5 Rbe8 37. Kg1 Qc4 38. Rd4 Qb5 39. Bf1 Qd7 40. e6 Qb7 41. fxg5 Rxh2 42. gxf6+ exf6 43. Kxh2 Rh8+ 44. Kg1 Kf8 45. Rb4 Qa7 46. e7+ Kf7 47. Rh4 Re8 48. Bb5 Rxe7 49. Rh7+ Kf8 50. Qh6+ Kg8 51. Rh8+ 1-0

[Event "FIDE World Cup"]
[Site "Baku"]
[Date "2015.09.12"]
[Round "1.2"]
[White "Amin, Bassem"]
[Black "Saric, Ivan"]
[Result "1-0"]
[WhiteElo "2636"]
[BlackElo "2678"]
[PlyCount "139"]
[EventDate "2015.09.11"]
[EventType "k.o."]
[EventRounds "7"]
[EventCountry "AZE"]
[SourceTitle "CBM 169"]
[Source "ChessBase"]
[SourceDate "2015.11.10"]
[SourceVersion "1"]
[SourceVersionDate "2015.11.10"]
[SourceQuality "1"]

1. e4 c5 2. Nf3 d6 3. g3 Nf6 4. d3 g6 5. Bg2 Bg7 6. O-O O-O 7. Re1 Nc6 8. c3 Rb8 9. a4 a6 ({RR} 9... e5 10. Nbd2 a6 11. Nc4 h6 12. a5 Be6 13. Nfd2 Re8 14. h3 Rc8 15. Kh2 d5 16. Nb6 Rc7 17. exd5 Nxd5 18. Ndc4 Nxb6 19. axb6 Rd7 20. Bxc6 Rxd3 21. Qa4 bxc6 22. Qxa6 h5 23. Be3 h4 24. g4 {Dubov,D (2708)-Mamedov,R (2646) chess.com INT 2022 0-1}) 10. h3 e5 $146 ({RR} 10... b5 11. axb5 axb5 12. d4 Nd7 13. d5 Na5 14. Ra2 Qc7 15. b3 c4 16. b4 Nb3 17. Be3 Nb6 18. Nd4 Nxd4 19. Bxd4 Bd7 20. Bxg7 Kxg7 21. Qd4+ Kg8 22. Nd2 Ra8 23. Rc2 Ra3 24. Nf3 f6 25. Qd2 {Safranska,A (2367)-Plachkinova,T (2071) Cutro 2000 1-0 (43)}) ({RR} 10... b5 11. axb5 axb5 12. d4 cxd4 13. cxd4 Bb7 14. d5 Na5 15. Nc3 b4 16. Nb5 Bxd5 17. exd5 Rxb5 18. Nd4 Rc5 19. Nb3 Nxb3 20. Qxb3 Qc7 21. Be3 Rb5 22. Rec1 Qd7 23. Ra7 Rb7 24. Rca1 Rfb8 25. g4 {Mazurkiewicz,M (2224)-Kejna,P (2284) chess.com INT 2024 0-1 (42)}) ({RR} 10... b5 11. axb5 axb5 12. d4 cxd4 13. cxd4 e5 14. d5 Na5 15. Nfd2 b4 16. Qa4 Nb7 17. Nb3 Bd7 18. Qa7 Ne8 19. Be3 Nc7 20. Bb6 Nb5 21. Bxd8 Nxa7 22. Be7 Rfe8 23. Bxd6 Nxd6 24. Rxa7 Bb5 25. N1d2 {Amin,B (2683)-Golubov,S (2469) Moscow 2019 0-1 (57)}) ({RR} 10... b5 11. axb5 axb5 12. d4 Nd7 13. Be3 Bb7 14. Nbd2 b4 15. Rc1 bxc3 16. bxc3 cxd4 17. cxd4 Nb4 18. Bf1 Nf6 19. d5 Nd7 20. Qa4 Na6 21. Bxa6 Ra8 22. Rb1 Bxa6 23. Qc6 Ne5 24. Nxe5 Bxe5 25. Nf3 {Laith,K (2079)-Zeleny,T (1894) Ceske Budejovice 2022 1-0 (40)}) 11. Na3 Be6 12. Bg5 h6 13. Bxf6 Qxf6 14. Nc4 h5 15. Qd2 Bxh3 16. Bxh3 Qxf3 17. Nb6 h4 18. Re3 Qh5 19. Nd7 f5 20. Nxb8 Rxb8 21. Qd1 Qg5 22. exf5 gxf5 23. Bg2 Ne7 24. gxh4 Qxh4 25. Rg3 Kf8 26. a5 b5 27. axb6 Rxb6 28. Ra4 f4 29. Rg4 Qh6 30. b4 cxb4 31. Rxb4 Rxb4 32. cxb4 d5 33. Qd2 Qe6 34. Bh3 Qh6 35. Bg2 Qh5 36. Bf3 Qf5 37. d4 Ng6 38. dxe5 Nxe5 39. Qxd5 Qb1+ 40. Kg2 Nxg4 41. Qd6+ Kg8 42. Bxg4 Qe4+ 43. Bf3 Qe5 44. Qxa6 Bf8 45. b5 Bc5 46. b6 Qg7+ 47. Kf1 Qd4 48. Qa2+ Kh8 49. b7 Ba7 50. Qc2 Qa1+ 51. Kg2 Qg7+ 52. Kh3 Qd7+ 53. Kh4 Qe7+ 54. Kh5 Qe5+ 55. Kg4 Bb8 56. Qg6 Qg7 57. Kh5 Qe5+ 58. Qg5 Qe8+ 59. Kh4 Qf8 60. Be4 Qd6 61. Qg6 Qe7+ 62. Kh5 Qg7 63. Qf5 Qg8 64. Bd5 Qh7+ 65. Kg5 Qg7+ 66. Qg6 Bc7 67. Bf7 f3 68. Qxg7+ Kxg7 69. Bh5 Bb8 70. Kf5 1-0

[Event "FIDE World Cup"]
[Site "Baku"]
[Date "2015.09.13"]
[Round "1.5"]
[White "Sargissian, Gabriel"]
[Black "Bartel, Mateusz"]
[Result "1-0"]
[WhiteElo "2679"]
[BlackElo "2623"]
[PlyCount "53"]
[EventDate "2015.09.11"]
[EventType "k.o."]
[EventRounds "7"]
[EventCountry "AZE"]
[SourceTitle "CBM 169"]
[Source "ChessBase"]
[SourceDate "2015.11.10"]
[SourceVersion "1"]
[SourceVersionDate "2015.11.10"]
[SourceQuality "1"]

1. c4 c6 2. Nf3 d5 3. g3 g6 4. Bg2 Bg7 5. cxd5 cxd5 6. d4 Nc6 7. O-O ({RR} 7. Nc3 e6 {½-½ (15) Soppe,G (2455)-Sorokin,M (2555) Villa Gesell 1998}) 7... e6 8. Nc3 Nge7 9. e3 O-O 10. b3 b6 11. Ba3 Ba6 12. Re1 Qd7 13. Qd2 Rfd8 14. Rac1 Rac8 15. Rc2 Nf5 $146 16. Rec1 Nd6 17. Qd1 h6 18. Bf1 Bb7 19. Nb5 Ne4 20. Nd2 f5 21. Nxe4 fxe4 22. Nd6 Bf8 23. Nxb7 Qxb7 24. Bxf8 Rxf8 25. Qg4 Qf7 26. Ba6 Rc7 27. Bb5 1-0